000 00391nam a2200133Ia 4500
003 GCL
008 140319s9999 xx 000 0 ara d
040 _aGCL /
_cGCL
082 0 4 _a330.1
_bم ا
245 1 0 _aاولويات فى علم الاقتصاد
260 _a[S.N] :
_bالدار الجماهيرية للنشر والتوزيع والاعلان ،
_c1988
300 _a250
490 _a
999 _c28822
_d28822